书目信息 |
| 题名: |
高倍数.中倍数泡沫灭火系统设计规范GB 50196-93
|
|
| 作者: | 中华人民共和国公安部 编 | |
| 分册: | ||
| 出版信息: | 北京 中国计划出版社 1994.08 |
|
| 页数: | 91页 | |
| 开本: | 32开 | |
| 丛书名: | ||
| 单 册: | ||
| 中图分类: | TU998.132-65 | |
| 科图分类: | ||
| 主题词: | 市政工程 , 城市公共设施 | |
| 电子资源: | ||
| ISBN: | ||
| 000 | 00702nam0 2200205 45 | |
| 001 | 0009240885 | |
| 005 | 20001219162804.6 | |
| 010 | @d6.00元 | |
| 100 | @a20000924d1994 km y0chiy0120 ea | |
| 101 | 0 | @achi |
| 105 | @a z 000yy | |
| 200 | 1 | @a高倍数.中倍数泡沫灭火系统设计规范GB 50196-93@AGao Bei Shu.Zhong Bei Shu Pao Mo Mie Huo Xi Tong SheJi Gui Fan GB 50196-93@f中华人民共和国公安部编@FZhong Hua Ren Min Gong He Guo Gong An Bu Bian |
| 210 | @a北京@c中国计划出版社@d1994.08 | |
| 215 | @a91页@d32开 | |
| 606 | 0 | @a市政工程 |
| 606 | 0 | @a城市公共设施 |
| 690 | @aTU998.132-65@v3 | |
| 701 | 0 | @a中华人民共和国公安部@4编 |
| 801 | @aCN@bPftUser@c20000924 | |
| 905 | @dTU998.132-65@eZH:706@b309436-440@f5 | |
| 高倍数.中倍数泡沫灭火系统设计规范GB 50196-93/中华人民共和国公安部编.-北京:中国计划出版社,1994.08 |
| 91页;32开 |
| ISBN :6.00元 |
| ● |
| 相关链接 |
|
|
|
正题名:高倍数·中倍数泡沫灭火系统设计规范GB 501
索取号:TU998.132-65/ZH:706
 
预约/预借
| 序号 | 登录号 | 条形码 | 馆藏地/架位号 | 状态 | 备注 |
| 1 | 309436 | 203094365 | 自科二线404/404自科库 22排6列5层/ [索取号:TU998.132-65/ZH:706] | 在馆 | |
| 2 | 309437 | 203094374 | 自科二线404/404自科库 22排6列5层/ [索取号:TU998.132-65/ZH:706] | 在馆 | |
| 3 | 309438 | 203094383 | 自科二线404/404自科库 22排6列5层/ [索取号:TU998.132-65/ZH:706] | 在馆 | |
| 4 | 309439 | 203094392 | 自科二线404/404自科库 22排6列5层/ [索取号:TU998.132-65/ZH:706] | 在馆 | |
| 5 | 309440 | 203094409 | 自科二线404/404自科库 22排6列5层/ [索取号:TU998.132-65/ZH:706] | 在馆 |